MARC details
| 000 -LEADER |
| fixed length control field |
01421nam a22003853u 4500 |
| 001 - CONTROL NUMBER |
| control field |
vtls003275231 |
| 003 - CONTROL NUMBER IDENTIFIER |
| control field |
MY-SjTCS |
| 005 - DATE AND TIME OF LATEST TRANSACTION |
| control field |
20200226115316.0 |
| 007 - PHYSICAL DESCRIPTION FIXED FIELD--GENERAL INFORMATION |
| fixed length control field |
cr ||||||||||| |
| 008 - FIXED-LENGTH DATA ELEMENTS--GENERAL INFORMATION |
| fixed length control field |
180411s2013 enk| fs| 00| 0|eng d |
| 020 ## - INTERNATIONAL STANDARD BOOK NUMBER |
| International Standard Book Number |
9781849196994 |
| 035 ## - SYSTEM CONTROL NUMBER |
| System control number |
(UkSgIET)PBRA026E |
| 039 #9 - LEVEL OF BIBLIOGRAPHIC CONTROL AND CODING DETAIL [OBSOLETE] |
| Level of rules in bibliographic description |
201804111133 |
| Level of effort used to assign nonsubject heading access points |
shuhada |
| Level of effort used to assign subject headings |
201804111133 |
| Level of effort used to assign classification |
shuhada |
| Level of effort used to assign subject headings |
201804111132 |
| Level of effort used to assign classification |
shuhada |
| Level of effort used to assign subject headings |
201801081747 |
| Level of effort used to assign classification |
shuhada |
| -- |
201801081741 |
| -- |
shuhada |
| 040 ## - CATALOGING SOURCE |
| Original cataloging agency |
UkSgIET |
| Language of cataloging |
eng |
| Transcribing agency |
UkSgIET |
| 100 1# - MAIN ENTRY--PERSONAL NAME |
| Personal name |
Wirth, Wulf-Dieter |
| 245 10 - TITLE STATEMENT |
| Title |
Radar techniques using array antennas |
| Medium |
[electronic resource] / |
| Statement of responsibility, etc. |
Wulf-Dieter Wirth. |
| 250 ## - EDITION STATEMENT |
| Edition statement |
2nd ed. |
| 260 ## - PUBLICATION, DISTRIBUTION, ETC. |
| Place of publication, distribution, etc. |
Stevenage : |
| Name of publisher, distributor, etc. |
IET, |
| Date of publication, distribution, etc. |
2013. |
| 300 ## - PHYSICAL DESCRIPTION |
| Extent |
1 online resource (460 p.) |
| 490 1# - SERIES STATEMENT |
| Series statement |
Radar, Sonar & Navigation |
| 650 #0 - SUBJECT ADDED ENTRY--TOPICAL TERM |
| Topical term or geographic name entry element |
Adaptive signal processing. |
| 9 (RLIN) |
42544 |
| 650 #0 - SUBJECT ADDED ENTRY--TOPICAL TERM |
| Topical term or geographic name entry element |
Antenna arrays. |
| 9 (RLIN) |
39397 |
| 650 #0 - SUBJECT ADDED ENTRY--TOPICAL TERM |
| Topical term or geographic name entry element |
Automatic tracking. |
| 650 #0 - SUBJECT ADDED ENTRY--TOPICAL TERM |
| Topical term or geographic name entry element |
Mathematical analysis. |
| 650 #0 - SUBJECT ADDED ENTRY--TOPICAL TERM |
| Topical term or geographic name entry element |
MIMO systems. |
| 9 (RLIN) |
42548 |
| 650 #0 - SUBJECT ADDED ENTRY--TOPICAL TERM |
| Topical term or geographic name entry element |
Pulse techniques (Electronics) |
| 650 #0 - SUBJECT ADDED ENTRY--TOPICAL TERM |
| Topical term or geographic name entry element |
Radar. |
| 9 (RLIN) |
42099 |
| 650 #0 - SUBJECT ADDED ENTRY--TOPICAL TERM |
| Topical term or geographic name entry element |
Sampling (Statistics) |
| 9 (RLIN) |
7625 |
| 650 #0 - SUBJECT ADDED ENTRY--TOPICAL TERM |
| Topical term or geographic name entry element |
Signal processing. |
| 650 #0 - SUBJECT ADDED ENTRY--TOPICAL TERM |
| Topical term or geographic name entry element |
Statistics. |
| 650 #0 - SUBJECT ADDED ENTRY--TOPICAL TERM |
| Topical term or geographic name entry element |
Synthetic aperture radar. |
| 650 #0 - SUBJECT ADDED ENTRY--TOPICAL TERM |
| Topical term or geographic name entry element |
Tracking radar. |
| 830 #0 - SERIES ADDED ENTRY--UNIFORM TITLE |
| Uniform title |
Radar, Sonar & Navigation. |
| 856 4# - ELECTRONIC LOCATION AND ACCESS |
| Uniform Resource Identifier |
https://ezproxy.taylors.edu.my/login?url=http://digital-library.theiet.org/content/books/ra/pbra026e |
| Public note |
An electronic book accessible through the World Wide Web; click to view |